Taylor Swift- Question...? (All Lyrics) - Statistics

General Stats
  • This quiz has been taken 80 times
  • The average score is 358 of 433
Answer Stats
Lyrics % Correct
A
100%
a
100%
I
100%
some
100%
you
100%
you)
100%
Can
98%
(Can
98%
question?
98%
question
98%
question?)
98%
the
98%
to
98%
too?
98%
too
98%
We
98%
your
98%
Did
96%
did
96%
do?
96%
Do
96%
(Do)
96%
ever
96%
friends
96%
Have
96%
have
96%
in
96%
(In
96%
kiss
96%
on
96%
one
96%
and
94%
And
94%
ask
94%
night?
94%
night
94%
of
94%
room
94%
room)
94%
someone
94%
Then
94%
was
94%
were
94%
it
92%
It
92%
crowded
90%
every
90%
fun
90%
what
90%
just
88%
makin'
88%
(Makin'
88%
Second
88%
they
88%
But
86%
but
86%
clappin'
86%
her
86%
her?
86%
Oh
86%
oh
86%
single
86%
later,
84%
middle
84%
much?
82%
wish
82%
could
80%
fifteen
80%
It's
80%
leave
78%
seconds
78%
touch
78%
you're
78%
had
76%
house
76%
said
76%
still
76%
after
73%
don't
73%
fight,
73%
fight)
73%
like
73%
put
73%
she
73%
She
73%
that
73%
That
73%
that,
73%
more
71%
(More
71%
somethin'
71%
up
71%
When
71%
who
71%
with
71%
girl,
69%
my
69%
thing
69%
you'd
69%
all
67%
another
67%
'Cause
65%
remember
65%
boy
63%
sad
63%
say,
63%
city,
61%
Fuckin'
61%
goin'
61%
Good
61%
not
61%
sure
61%
Big
59%
by
59%
choices
59%
guy
59%
wrong
59%
gender
57%
know
57%
mind
57%
politics
57%
way
57%
Before
55%
for
55%
nights
55%
saw
55%
swear
55%
color
53%
may
53%
painted
53%
roles
53%
explanations
51%
I've
51%
searched
51%
conversation
49%
dickhead
49%
time?
49%
out
47%
drink
45%
situations,
45%
away
43%
circumstances
43%
Miscommunications,
43%
feel
41%
Got
41%
realize
41%
since
41%
Does
39%
bad
37%
heard?
37%
I'm
37%
That's
37%
that's
37%
tonight
37%
what's
37%
best
35%
right,
35%
surprise
35%
swept
35%
eyes,
33%
Half-
33%
strike?
33%
suitable
33%
gray
29%
meteor
29%
moon
29%
everything's
27%
nice,
24%
No matching quizzes found
Score Distribution
Percent of People with Each Score
Percentile by Number Answered
Your Score History
You have not taken this quiz